<?xml version="1.0" encoding="UTF-8"?>
<record
    xmlns:xsi="http://www.w3.org/2001/XMLSchema-instance"
    xsi:schemaLocation="http://www.loc.gov/MARC21/slim http://www.loc.gov/standards/marcxml/schema/MARC21slim.xsd"
    xmlns="http://www.loc.gov/MARC21/slim">

  <leader>00730nam a2200133Ia 4500</leader>
  <controlfield tag="008">100328s9999    xx            000 0 und d</controlfield>
  <datafield tag="082" ind1=" " ind2=" ">
    <subfield code="b">65747</subfield>
  </datafield>
  <datafield tag="100" ind1=" " ind2=" ">
    <subfield code="a">&#x935;&#x930;&#x94D;&#x91F;&#x940;&#x915;&#x930; &#x92E;&#x928;&#x94B;&#x939;&#x930;.</subfield>
  </datafield>
  <datafield tag="245" ind1=" " ind2=" ">
    <subfield code="a">&#x905;&#x92E;&#x943;&#x924;&#x935;&#x93E;&#x923;&#x940; (&#x936;&#x94D;&#x930;&#x940;&#x92C;&#x94D;&#x930;&#x939;&#x94D;&#x92E;&#x91A;&#x948;&#x924;&#x928;&#x94D;&#x92F; &#x92E;&#x939;&#x93E;&#x930;&#x93E;&#x91C; &#x917;&#x94B;&#x902;&#x926;&#x935;&#x932;&#x947;&#x915;&#x930; &#x92F;&#x93E;&#x902;&#x91A;&#x940;).</subfield>
  </datafield>
  <datafield tag="260" ind1=" " ind2=" ">
    <subfield code="b">&#x91A;&#x948;&#x924;&#x928;&#x94D;&#x92F;&#x94B;&#x92A;&#x93E;&#x938;&#x928;&#x93E;.</subfield>
  </datafield>
  <datafield tag="630" ind1=" " ind2=" ">
    <subfield code="a">&#x905;&#x92E;&#x943;&#x924;&#x935;&#x93E;&#x923;&#x940; (&#x936;&#x94D;&#x930;&#x940;&#x92C;&#x94D;&#x930;&#x939;&#x94D;&#x92E;&#x91A;&#x948;&#x924;&#x928;&#x94D;&#x92F; &#x92E;&#x939;&#x93E;&#x930;&#x93E;&#x91C; &#x917;&#x94B;&#x902;&#x926;&#x935;&#x932;&#x947;&#x915;&#x930; &#x92F;&#x93E;&#x902;&#x91A;&#x940;).</subfield>
  </datafield>
  <datafield tag="730" ind1=" " ind2=" ">
    <subfield code="a">&#x905;&#x92E;&#x943;&#x924;&#x935;&#x93E;&#x923;&#x940; (&#x936;&#x94D;&#x930;&#x940;&#x92C;&#x94D;&#x930;&#x939;&#x94D;&#x92E;&#x91A;&#x948;&#x924;&#x928;&#x94D;&#x92F; &#x92E;&#x939;&#x93E;&#x930;&#x93E;&#x91C; &#x917;&#x94B;&#x902;&#x926;&#x935;&#x932;&#x947;&#x915;&#x930; &#x92F;&#x93E;&#x902;&#x91A;&#x940;).</subfield>
  </datafield>
  <datafield tag="942" ind1=" " ind2=" ">
    <subfield code="c">BOOK</subfield>
  </datafield>
  <datafield tag="999" ind1=" " ind2=" ">
    <subfield code="c">551492</subfield>
    <subfield code="d">551489</subfield>
  </datafield>
  <datafield tag="952" ind1=" " ind2=" ">
    <subfield code="0">0</subfield>
    <subfield code="1">0</subfield>
    <subfield code="4">0</subfield>
    <subfield code="7">0</subfield>
    <subfield code="a">RNV</subfield>
    <subfield code="b">RNV</subfield>
    <subfield code="d">2010-03-28</subfield>
    <subfield code="l">0</subfield>
    <subfield code="p">RNV-65747</subfield>
    <subfield code="r">2010-03-28 00:00:00</subfield>
    <subfield code="w">2010-03-28</subfield>
    <subfield code="y">BOOK</subfield>
  </datafield>
</record>
